01136nam a22001697a 450000500170000000800410001704000290005808200170008710000190010424500230012326000690014630000360021550002500025150504200050150600210092165000240094220150821110824.0150728s1924 ck ||||fr|||| 00| p spa d cSandra YazodSandra Yazo04220a861.98611 aNieto, Ricardo10aCantos de la noche aBogotá (Colombia)bEditorial de CromosbLuis Tamayo & Coc1924 avii, 161 páginasc21 x 16 cm. aDetalles físicos: Encuadernación flexible. Tapa delantera con impresión en dos tintas. Guarda delantera con anotación manuscrita. Portada impresa en dos tintas. Texto impreso en una columna, márgenes amplios. Empieza a desencuadernarse2 aEste libro ; Al lector ; Cantos de la noche: Yo soy un hijo de Musset que viene ; Oh, mi Musa, eres tú quien ha tocado ; El viento? … si, no temas ; En la noche de plata ; De dónde? … Yo no sé ; Media noche ; Fue el abril ; Fue un amor ignorado y escondido ; La luna que se entra ; Qué quieres? Un alma … Sí, es una alma ; Quien canta entre los pinos ; Ecos del camino ; Aegri Somnia ; Vox Clamantis aConsulta en sala 7aPoesía colombiana